Loading...
Current Events | 5 | 14.00 | 100% | 20% | 40% |
Fine Arts - Classical Music | 13 | 15.38 | 92% | 62% | 8% |
Fine Arts - Other Fine Arts | 7 | 18.57 | 100% | 57% | 29% |
Fine Arts - Painting & Sculpture | 9 | 15.56 | 100% | 44% | 11% |
Geography | 5 | 18.00 | 100% | 60% | 20% |
History - American History | 10 | 18.00 | 90% | 100% | 10% |
History - European History | 7 | 20.00 | 100% | 71% | 29% |
History - Other History | 11 | 20.91 | 100% | 82% | 27% |
History - World History | 9 | 14.44 | 89% | 56% | 0% |
Literature - American Literature | 12 | 15.00 | 100% | 42% | 8% |
Literature - British Literature | 4 | 15.00 | 75% | 100% | 0% |
Literature - European Literature | 6 | 18.33 | 100% | 67% | 17% |
Literature - World Literature | 6 | 20.00 | 100% | 83% | 17% |
Mythology | 1 | 10.00 | 100% | 0% | 0% |
Other Academic | 4 | 20.00 | 100% | 75% | 25% |
Philosophy | 9 | 17.78 | 100% | 67% | 11% |
Religion | 11 | 15.45 | 100% | 55% | 0% |
Science - Biology | 10 | 12.00 | 90% | 30% | 0% |
Science - Chemistry | 8 | 10.00 | 88% | 13% | 0% |
Science - Other Science | 8 | 11.25 | 75% | 25% | 13% |
Science - Physics | 10 | 16.00 | 80% | 50% | 30% |
Social Science | 9 | 15.56 | 100% | 44% | 11% |